书目信息 |
| 题名: |
中国历史时期的人口变迁与环境保护
|
|
| 作者: | 罗桂环 , 舒俭民 编著 | |
| 分册: | ||
| 出版信息: | 北京 冶金工业出版社 1995.07 |
|
| 页数: | 289页 | |
| 开本: | 32开 | |
| 丛书名: | ||
| 单 册: | ||
| 中图分类: | X32 | |
| 科图分类: | ||
| 主题词: | 环境规划 , 环境管理 , 环境堡规划 | |
| 电子资源: | ||
| ISBN: | 7-5024-1736-2 | |
| 000 | 00699nam0 2200229 45 | |
| 001 | 0008041108 | |
| 005 | 20001022165717.1 | |
| 010 | @a7-5024-1736-2@d15.00元 | |
| 100 | @a20000804d1995 km y0chiy0120 ea | |
| 101 | 0 | @achi |
| 105 | @a z 000yy | |
| 200 | 1 | @a中国历史时期的人口变迁与环境保护@AZhong Guo Li ShiShi Qi De Ren Kou Bian Qian Yu HuanJing Bao Hu@f罗桂环,舒俭民编著@FLuo Gui Huan,Shu Jian Min Bian Zhu |
| 210 | @a北京@c冶金工业出版社@d1995.07 | |
| 215 | @a289页@d32开 | |
| 606 | 0 | @a环境规划 |
| 606 | 0 | @a环境管理 |
| 606 | 0 | @a环境堡规划 |
| 690 | @aX32@v3 | |
| 701 | 0 | @a罗桂环@4编著 |
| 701 | 0 | @a舒俭民@4编著 |
| 801 | @aCN@bPftUser@c20000804 | |
| 905 | @dX32@eL319@b183041-045@f5 | |
| 中国历史时期的人口变迁与环境保护/罗桂环,舒俭民编著.-北京:冶金工业出版社,1995.07 |
| 289页;32开 |
| ISBN 7-5024-1736-2:15.00元 |
| ● |
| 相关链接 |
|
|
|
正题名:中国历史时期的人口变迁与环境保护
索取号:X32/L319
 
预约/预借
| 序号 | 登录号 | 条形码 | 馆藏地/架位号 | 状态 | 备注 |
| 1 | 183041 | 201830411 | 自科二线504/504自科库 32排2列1层/ [索取号:X32/L319] | 在馆 | |
| 2 | 183042 | 201830420 | 自科二线504/504自科库 32排2列1层/ [索取号:X32/L319] | 在馆 | |
| 3 | 183043 | 201830439 | 期刊室512/501自科库 65排6列1层/ [索取号:X32/L319] | 在馆 | |
| 4 | 183044 | 201830448 | 自科二线504/504自科库 32排2列1层/ [索取号:X32/L319] | 在馆 | |
| 5 | 183045 | 201830457 | 期刊室512/501自科库 65排6列1层/ [索取号:X32/L319] | 在馆 |